Sher Shah Suri (Record no. 448)

MARC details
000 -LEADER
fixed length control field 00653nam a2200253 a 4500
020 ## - INTERNATIONAL STANDARD BOOK NUMBER
ISBN
082 00 - DEWEY DECIMAL CLASSIFICATION NUMBER
Classification number 954.024
Author Cutter KHA
100 ## - MAIN ENTRY--AUTHOR NAME
Author name Khan, Zulfiqar Ali
245 ## - TITLE STATEMENT
Title Sher Shah Suri
Sub title Emperor of India.
260 ## - PUBLICATION, DISTRIBUTION, ETC. (IMPRINT)
Place of publication Lahore
Name of publisher Civil and Military Gazette Ltd
Year of publication 1925
300 ## - PHYSICAL DESCRIPTION
Number of Pages 114p
500 ## - GENERAL NOTE
General note includes index and biblioraphy
505 2# - FORMATTED CONTENTS NOTE
Formatted contents note Index
650 ## - SUBJECT ADDED ENTRY--TOPICAL TERM
Topical Term India-History Muslim Period
650 ## - SUBJECT ADDED ENTRY--TOPICAL TERM
Topical Term India-History Sher Shah Suri
942 ## - ADDED ENTRY ELEMENTS (KOHA)
Koha item type Books
700 1# -
-- Khan, Zulfiqar Ali
Holdings
Collection code Home library Current library Date acquired Cost, normal purchase price Full call number Accession Number Koha item type
  Henry Martyn Institute Library Henry Martyn Institute Library 05/24/2005 0.00 954.024 KHA 00441 Books
                   Copyright © 2026 | Henry Martyn Institute | Hyderabad | TS-500052 | INDIA | Implemented by hmi.edu.in
Hit-Count:

Powered by Koha